00373nam a22001337a 450000500170000000800410001704100120005808200120007010000120008224500420009426000470013630000310018365000250021420240808065742.0240808b |||||||| |||| 00| 0 eng d aEnglish a349 SOU lEnglish aSouth African Law Reports: Transvaal  aCape Town: bJuta and Company Ltd, c1926  bxxix, 701 pages; c25 cm.  aLegal practice bLaw